[Event "AUTO-INT-2706"]
[Site "http://www.queenalice.com/game.php?id=1209644"]
[Date "2013.8.20"]
[Round "1"]
[White "Duduca10"]
[Black "AliceLachmann00"]
[Result "1-0"]
[WhiteElo "1758"]
[BlackElo "1549"]

1. e4 e5 2. Nf3 d6 3. h3 Nf6 4. Nc3 Be7 5. d3 O-O 6. Be2 c5 7. Nd5 Nxd5 8. exd5
b5 9. c4 bxc4 10. dxc4 f5 11. O-O f4 12. Nh2 Bf5 13. Bg4 Qd7 14. Bxf5 Qxf5 15.
Qg4 Nd7 16. Qxf5 1-0

[Event "AUTO-INT-2706"]
[Site "http://www.queenalice.com/game.php?id=1209645"]
[Date "2013.8.20"]
[Round "1"]
[White "AliceLachmann00"]
[Black "robsonsouza"]
[Result "0-1"]
[WhiteElo "1524"]
[BlackElo "1603"]

1. e4 e5 2. Nf3 d6 3. c3 Nf6 4. d3 Bg4 5. Be2 Bxf3 6. Bxf3 g6 7. O-O Bg7 8. Bg5
O-O 9. d4 exd4 10. cxd4 Qe8 11. Nc3 Nfd7 12. Re1 Nb6 13. e5 dxe5 14. Bxb7 N8d7
15. Bxa8 Qxa8 16. d5 e4 17. Rxe4 Bxc3 18. bxc3 Re8 19. Rxe8+ Qxe8 20. Bh6 Nf6
21. Qd4 Nbd7 22. g4 Qe5 23. Qxe5 Nxe5 24. Rb1 Nf3+ 25. Kh1 Nd7 26. Rb7 f6 27.
Rxc7 Nde5 28. h3 Ng5 29. Bxg5 fxg5 30. Rxa7 Nd3 0-1

[Event "AUTO-INT-2706"]
[Site "http://www.queenalice.com/game.php?id=1209646"]
[Date "2013.8.20"]
[Round "1"]
[White "robsonsouza"]
[Black "AliceLachmann00"]
[Result "1-0"]
[WhiteElo "1616"]
[BlackElo "1511"]

1. e4 e5 2. Nf3 d6 3. Nc3 g6 4. Nd5 c6 5. Nc3 Bg7 6. d3 Ne7 7. g3 O-O 8. Bg2 Bg4
9. O-O f5 10. exf5 Rxf5 11. Qe2 Nd5 12. Qe4 Nxc3 13. bxc3 Qf8 14. Qxg4 Nd7 15.
d4 exd4 16. cxd4 c5 17. Bb2 b6 18. c3 Re8 19. Nh4 Rf7 20. Rae1 Rxe1 21. Rxe1 Nf6
22. Qd1 Kh8 23. dxc5 dxc5 24. c4 Nh5 25. Bxg7+ Nxg7 26. Bd5 Rxf2 27. Rf1 Rxf1+
28. Qxf1 Qd6 29. Qf7 1-0

[Event "AUTO-ADV-2938"]
[Site "http://www.queenalice.com/game.php?id=1209757"]
[Date "2013.8.20"]
[Round "1"]
[White "jck2"]
[Black "AliceLachmann00"]
[Result "1-0"]
[WhiteElo "1807"]
[BlackElo "1647"]

1. d4 e6 2. c4 d6 3. Nc3 Ne7 4. Nf3 b6 5. e4 Bb7 6. Bd3 g6 7. O-O Bg7 8. Bg5 O-O
9. Qd2 Nd7 10. Rfe1 c5 11. d5 e5 12. Nb5 Nf6 13. Bh6 a6 14. Nc3 Nh5 15. Be2 f5
16. Bxg7 Nxg7 17. Qh6 Nh5 18. Nh4 Qe8 19. Bxh5 gxh5 20. Nxf5 Nxf5 21. exf5 Rxf5
22. Re3 Qg6 23. Rg3 1-0

[Event "AUTO-ADV-2938"]
[Site "http://www.queenalice.com/game.php?id=1209758"]
[Date "2013.8.20"]
[Round "1"]
[White "AliceLachmann00"]
[Black "jck2"]
[Result "1-0"]
[WhiteElo "1681"]
[BlackElo "1802"]

1. Nf3 d5 2. d4 Nc6 3. e3 Bg4 4. Be2 Nf6 5. Nbd2 e6 6. O-O Bd6 7. c4 O-O 8. c5
Be7 9. a3 a6 10. b4 b5 11. a4 Nxb4 12. axb5 axb5 13. Rxa8 Qxa8 14. h3 Ne4 15.
hxg4 1-0

[Event "AUTO-ADV-2938"]
[Site "http://www.queenalice.com/game.php?id=1209772"]
[Date "2013.8.20"]
[Round "1"]
[White "AliceLachmann00"]
[Black "erig1969"]
[Result "0-1"]
[WhiteElo "1582"]
[BlackElo "1947"]

1. e4 c5 2. Bc4 Nc6 3. Qf3 e6 4. Nc3 Nd4 5. Qd1 g6 6. Nf3 Nc6 7. O-O Bg7 8. a3
a6 9. b4 cxb4 10. axb4 Nxb4 11. d4 b5 12. Bb3 Qc7 13. Bb2 Ne7 14. Ne2 Nbc6 15.
c3 Na5 16. Qc1 Nxb3 17. Qf4 Qxf4 18. Nxf4 Nxa1 0-1

[Event "AUTO-OPEN-3061"]
[Site "http://www.queenalice.com/game.php?id=1209879"]
[Date "2013.8.20"]
[Round "1"]
[White "kandido"]
[Black "AliceLachmann00"]
[Result "1-0"]
[WhiteElo "2056"]
[BlackElo "1563"]

1. d4 e6 2. c4 d5 3. Nc3 c5 4. Nf3 cxd4 5. Qxd4 Nc6 6. Qd1 dxc4 7. Qa4 Bd7 8.
Qxc4 a6 9. e4 Nge7 10. Be3 Ng6 11. Rd1 Be7 12. Be2 O-O 13. O-O Nce5 14. Nxe5
Nxe5 15. Qd4 Bf6 16. Qd6 1-0

[Event "AUTO-OPEN-3061"]
[Site "http://www.queenalice.com/game.php?id=1209880"]
[Date "2013.8.20"]
[Round "1"]
[White "AliceLachmann00"]
[Black "kandido"]
[Result "0-1"]
[WhiteElo "1565"]
[BlackElo "2054"]

1. e4 e5 2. Nf3 Nc6 3. Be2 Bc5 4. O-O Nf6 5. Nc3 O-O 6. a3 a5 7. Nb5 Nxe4 8. d3
Nd6 9. Nxd6 Bxd6 10. Be3 f5 11. g3 f4 12. Bd2 Bc5 13. b4 axb4 14. axb4 Rxa1 15.
Qxa1 Bd4 16. c3 Bb6 0-1

[Event "AUTO-OPEN-3061"]
[Site "http://www.queenalice.com/game.php?id=1209907"]
[Date "2013.8.20"]
[Round "1"]
[White "Epilos"]
[Black "AliceLachmann00"]
[Result "1-0"]
[WhiteElo "1601"]
[BlackElo "1667"]

1. e4 e6 2. e5 d6 3. exd6 cxd6 4. Bc4 Be7 5. Nf3 Nf6 6. d3 O-O 7. Be3 Bd7 8. O-O
d5 9. Bb3 Nc6 10. d4 Ne4 11. Ne5 Nxe5 12. dxe5 Bh4 13. Nd2 f5 14. exf6 Rxf6 15.
Nxe4 dxe4 16. g3 Bb5 17. c4 Bxg3 18. cxb5 Bh4 19. Qxd8+ Rxd8 20. Bxa7 Rd2 21.
Rab1 Rg6+ 22. Kh1 Kf7 23. Rg1 Rxg1+ 24. Kxg1 Bf6 25. Be3 Rxb2 26. Rxb2 Bxb2 27.
a4 Be5 28. Kg2 h5 29. a5 1-0

[Event "AUTO-OPEN-3061"]
[Site "http://www.queenalice.com/game.php?id=1209908"]
[Date "2013.8.20"]
[Round "1"]
[White "AliceLachmann00"]
[Black "Epilos"]
[Result "1-0"]
[WhiteElo "1652"]
[BlackElo "1589"]

1. Nf3 d5 2. d4 Bf5 3. Nc3 e6 4. e3 Nc6 5. Be2 Nf6 6. O-O Bb4 7. Ne5 Bxc3 8.
bxc3 Nxe5 9. dxe5 Ne4 10. Bb2 f6 11. exf6 Qxf6 12. f3 Nd6 13. Qd2 O-O 14. Rab1
b6 15. c4 Qg6 16. Rfc1 dxc4 17. e4 Bh3 18. Bf1 Bxg2 19. Bxg2 Rxf3 20. Kh1 Nxe4
21. Qe2 Nf2+ 22. Kg1 Nh3+ 23. Kh1 Rf4 24. Bxh3 Raf8 25. Rg1 Qe4+ 26. Qxe4 Rxe4
27. Rxg7+ Kh8 28. Rg5+ e5 29. Bxe5+ Rxe5 30. Rxe5 Rf2 31. Rg1 h6 32. Bf5 Rf3 33.
Re8# 1-0

[Event "AUTO-INT-2657"]
[Site "http://www.queenalice.com/game.php?id=1212573"]
[Date "2013.8.28"]
[Round "2"]
[White "AliceLachmann00"]
[Black "daniel0176"]
[Result "0-1"]
[WhiteElo "1580"]
[BlackElo "1717"]

1. e4 e5 2. Nf3 d6 3. d4 exd4 4. Qxd4 Nc6 5. Qc3 Nf6 6. Bd3 h6 7. O-O Be7 8. Be3
O-O 9. Qd2 d5 10. Nc3 Bb4 11. exd5 Bxc3 12. bxc3 Ng4 13. dxc6 bxc6 14. h3 Nxe3
15. Qxe3 Re8 16. Qc5 Bb7 17. Rab1 Bc8 18. Qxc6 Bd7 19. Qd5 c6 20. Qd6 Re6 21.
Qf4 Rg6 22. Bxg6 fxg6 23. Rfd1 Qc8 24. Ne5 Bf5 25. Rd2 Qe6 26. g4 Qxa2 0-1

[Event "AUTO-INT-2657"]
[Site "http://www.queenalice.com/game.php?id=1212576"]
[Date "2013.8.28"]
[Round "2"]
[White "AliceLachmann00"]
[Black "cadinho10"]
[Result "0-1"]
[WhiteElo "1529"]
[BlackElo "1804"]

1. e4 e5 2. d4 exd4 3. Qxd4 Nc6 4. Qd1 d6 5. Nc3 Nf6 6. Bd3 Be7 7. Nf3 O-O 8.
O-O h6 9. Nd5 Ne5 10. Be3 c6 11. Nxe7+ Qxe7 12. Nxe5 Qxe5 13. c3 Nxe4 14. f4 Qe6
15. f5 Qxf5 16. Rxf5 Bxf5 17. g4 Bh7 0-1

[Event "AUTO-INT-2657"]
[Site "http://www.queenalice.com/game.php?id=1212577"]
[Date "2013.8.28"]
[Round "2"]
[White "cadinho10"]
[Black "AliceLachmann00"]
[Result "1-0"]
[WhiteElo "1799"]
[BlackElo "1534"]

1. e4 e6 2. d3 d5 3. exd5 Qxd5 4. Nc3 Qd8 5. Nf3 Nf6 6. Be2 Be7 7. Bd2 O-O 8.
O-O b6 9. Re1 Bb7 10. a3 Bd6 11. d4 c5 12. dxc5 Bxc5 13. b4 Bd6 14. Qc1 Qc7 15.
g3 Nbd7 16. Nd4 a6 17. Bf1 1-0